Inovácia upínacích systémov na obrábacích centrách vo vzťahu k videoprojekcii rozmiestnenia upínacích elementov

Enregistré dans:
Détails bibliographiques
Auteur principal: Papcun, Štefan (Auteur)
Autres auteurs: Bachratý, Michal (Directeur de thèse)
Format: Manuscrit Livre
Langue:slovaque
Publié: 2015
Sujets:
Accès en ligne:http://is.stuba.sk/zp/portal_zp.pl?podrobnosti=94476
Tags: Ajouter un tag
Pas de tags, Soyez le premier à ajouter un tag!

MARC

LEADER 00000ntm a22000003a 4500
001 stuzp53323
003 SK-STU
005 20160719154440.7
007 ta
008 150427s2015----xo-----f-mn---000-0-slo-d
040 |a STU  |b slo 
041 0 |a slo 
100 1 |a Papcun, Štefan  |u 020070  |4 aut  |U SjF Strojnícka fakulta  |T SjF Ústav výrobných systémov, enviromentálnej techniky a manažment kvality  |X 62319  |U J0070  |Y 804  |7 62319 
242 0 1 |a Innovation clamping systems for machining centers with regard to the deployment of video projection clamping elements  |y eng 
245 1 0 |a Inovácia upínacích systémov na obrábacích centrách vo vzťahu k videoprojekcii rozmiestnenia upínacích elementov 
260 |c 2015 
650 4 |a laser  |2 slo 
650 4 |a projekcia  |2 slo 
650 4 |a obrábacie centrá  |2 slo 
650 4 |a upínanie  |2 slo 
650 4 |a upínacie elementy  |2 slo 
650 4 |a clamping  |2 eng 
650 4 |a clamping elements  |2 eng 
650 4 |a laser  |2 eng 
650 4 |a projection  |2 eng 
650 4 |a machining centers  |2 eng 
700 1 |a Bachratý, Michal  |4 ths  |X 2443  |7 A000002443 
856 4 |u http://is.stuba.sk/zp/portal_zp.pl?podrobnosti=94476 
996 |b 284J043819  |c J* 2109  |l JJSK  |s A  |a 24  |w stuzp53323_0001 
SQL |a stuzp53323  |b DBP  |c SLO  |d Inovácia upínacích systémov na obrábacích centrách vo vzťahu k videoprojekcii rozmiestnenia upínacích elementov  |e 62319  |f Papcun, Štefan  |g 020070  |h 2443  |i Bachratý, Michal  |j 20150615  |k 644  |l 02  |m http://is.stuba.sk/zp/portal_zp.pl?podrobnosti=94476  |n B-STAM  |o 5.2.51. výrobné technológie